Normal view MARC view
  • Scottish Government Rural and Environment Research and Analysis Directorate

Entry Corporate Name

Number of records used in: 10

001 - CONTROL NUMBER

  • control field: 5553

003 - CONTROL NUMBER IDENTIFIER

  • control field: SIRSI

005 - DATE AND TIME OF LATEST TRANSACTION

  • control field: 20190806150244.0

008 - FIXED-LENGTH DATA ELEMENTS

  • fixed length control field: 080602n| aaannaabn |n ana d

040 ## - CATALOGING SOURCE

  • Original cataloging agency: OSt
  • Transcribing agency: OSt

110 ## - HEADING--CORPORATE NAME

  • Corporate name or jurisdiction name as entry element: Scottish Government Rural and Environment Research and Analysis Directorate

670 ## - SOURCE DATA FOUND

  • Source citation: Economic report on Scottish agriculture 2008 edition, 2008